000 01098cam a22003014a 4500
001 11770283
005 20240318183407.0
008 990812s1999 dcu b 001 0 eng
010 _a 99045358
020 _a0870031686 (cloth)
020 _a0870031694 (paper)
035 _a(DLC) 99045358
040 _aLC
_cLC
_dABK
_eRDA
042 _apcc
050 0 0 _aJC421
_b.C246 1999
082 0 0 _221
_a321.8071
_bCAR
100 1 _aCarothers, Thomas,
_d1956-
245 1 0 _aAiding democracy abroad :
_bthe learning curve /
_cThomas Carothers.
260 _aWashington, DC :
_bCarnegie Endowment for International Peace,
_cc1999.
300 _ax, 411 pages ;
_c24 cm.
504 _aIncludes bibliographical references (p. 383-400) and index.
650 0 _aDemocracy.
650 0 _aDemocratization.
650 0 _aTechnical assistance.
_918320
906 _a7
_bcbc
_corignew
_d1
_eocip
_f19
_gy-gencatlg
942 _2ddc
_cBOOK
999 _c35721
_d35720